| 000 | 00754nam a2200229Ia 4500 | ||
|---|---|---|---|
| 003 | GCL | ||
| 008 | 140319s9999 xx 000 0 ara d | ||
| 040 |
_aGCL / _cGCL |
||
| 082 | 0 | 4 |
_a920.71 _bس م |
| 100 | 1 | _aسالم نصار | |
| 245 | 1 | 0 |
_aموسوعة عباقرة الاسلام / _cسالم نصار |
| 250 | _aالاولى | ||
| 260 |
_aالاردن : _bدار اسامة للنشر والتوزيع ، _c2004 |
||
| 300 |
_a296 ص ؛ _c24 سم |
||
| 650 | 0 | 4 | _aالفلسفة الاسلامية |
| 650 | 0 | 4 | _aالفلاسفة - تراجم |
| 650 | 0 | 4 | _aالاسلام - فلسفة |
| 650 | 0 | 4 | _aالادباء - تراجم |
| 650 | 0 | 4 | _aالقادة و الفاتحون |
| 650 | 0 | 4 | _aالجغرافيون - تراجم |
| 942 |
_2ddc _cBK |
||
| 999 |
_c8452 _d8452 |
||